Datum a čas kvízu
34.5
Celkem bodů
Celkový počet nahraných bodů na tomto kvízu bez doplňovacích otázek.
2.
Pořadí na kvízu
Konečné umístění týmu na tomto kvízu.
Zaznamenané odpovědi
| # | Otázka | Odpověď | Body | Výsledky |
|---|---|---|---|---|
| 1. | Ve kterém moravském městě přim... | ve Vsetíně | 0 | |
| 2. | Minulý týden jsme se dozvěděli... | Kousl ji kůň. | 1 | |
| 3. | Jubilejní 50. ročník tradičníh... | Letní filmová škola | 1 | |
| 4. | Ve kterém českém krajském měst... | v Plzni | 1 | |
| 5. | Který tenista, jenž byl 41 týd... | Andy Murray | 0 | |
| 6. | Jak se označuje tento druh těs... | tarhoňa | 1 | |
| 7. | V souvislosti s rýží a jejím v... | arsen | 0 | |
| 8. | Nyní se zaměříme naopak na lát... | pohanka | 0 | |
| 9. | Zobrazený tenký měkký chléb je... | lavaš | 0 | |
| 10. | Pod kterým jednoslovným názvem... | quinoa | 0 |